Andrzej Taranowskis Bericht über seine Gesandtschaftsreise in der Tatarei

Elmentve itt :
Bibliográfiai részletek
Szerzők: Tardy Lajos
Vásáry István
Dokumentumtípus: Cikk
Megjelent: 1974
Sorozat:Acta Orientalia Academiae Scientiarum Hungaricae;Acta Orientalia Academiae Scientiarum Hungaricae : a Magyar Tudományos Akadémia orientalisztikai közleményei
Kulcsszavak:Andrzej Taranowski, Diplomácia - lengyel - 16. sz., Útleírás - Törökország - 16. sz.
Tárgyszavak:
Online Access:http://misc.bibl.u-szeged.hu/65183
LEADER 01060nab a2200253 i 4500
001 misc65183
005 20231012152220.0
008 230907s1974 hu o 0|| ger d
040 |a SZTE Miscellanea Repozitórium  |b hun 
041 |a ger 
100 1 |a Tardy Lajos 
245 1 0 |a Andrzej Taranowskis Bericht über seine Gesandtschaftsreise in der Tatarei  |h [elektronikus dokumentum] /  |c  Tardy Lajos 
260 |c 1974 
300 |a 213-252  |c 24 cm 
300 |a [40] p.  |c 24 cm 
490 0 |a Acta Orientalia Academiae Scientiarum Hungaricae;Acta Orientalia Academiae Scientiarum Hungaricae : a Magyar Tudományos Akadémia orientalisztikai közleményei 
561 |a Németh Gyula hagyaték 
591 |a NOA 6320 
650 4 |a Bölcsészettudományok 
650 4 |a Történettudomány és régészet 
650 4 |a Nyelvek és irodalom 
695 |a Andrzej Taranowski, Diplomácia - lengyel - 16. sz., Útleírás - Törökország - 16. sz. 
700 0 1 |a Vásáry István  |e aut 
856 4 0 |u http://misc.bibl.u-szeged.hu/65183/1/6320_noa.pdf  |z Dokumentum-elérés